Trần Thanh Mại toàn tập

में बचाया:
ग्रंथसूची विवरण
मुख्य लेखक: Trần, Thanh Mại
स्वरूप: पुस्तक
भाषा:Undetermined
प्रकाशित: Hà Nội Văn học 2004
विषय:
टैग : टैग जोड़ें
कोई टैग नहीं, इस रिकॉर्ड को टैग करने वाले पहले व्यक्ति बनें!
Thư viện lưu trữ: Trung tâm Học liệu Trường Đại học Cần Thơ
LEADER 00648nam a2200193Ia 4500
001 CTU_75905
008 210402s9999 xx 000 0 und d
082 |a 895.922008 
082 |b M103/ T.1 
100 |a Trần, Thanh Mại 
245 0 |a Trần Thanh Mại toàn tập 
245 0 |c Trần Thanh Mại; Hồng Diệu sưu tầm, biên sọan và giới thiệu 
260 |a Hà Nội 
260 |b Văn học 
260 |c 2004 
650 |a Vietnamese literature,Phê bình văn học Việt Nam 
650 |y 20 century 
904 |i Nguyên,Hải 
980 |a Trung tâm Học liệu Trường Đại học Cần Thơ